| 000 | 00000nam 2200000za 4500 |
| 001 | 9.842479 |
| 003 | CaOODSP |
| 005 | 20250218095823 |
| 007 | cr ||||||||||| |
| 008 | 170911s2004 onca |o f|0| 0 eng d |
| 040 | |aCaOODSP|beng |
| 043 | |an-cn--- |
| 086 | 1 |aFA3-127/2004E-PDF |
| 110 | 1 |aCanada. |bOffice of the Auditor General. |
| 245 | 10|aLooking back and moving forward |h[electronic resource] : |bAuditor General of Canada's first report to the Second Legislative Assembly of Nunavut 2004. |
| 260 | |aOttawa : |bAuditor General of Canada, |c2004. |
| 300 | |a70 p. : |bill. |
| 500 | |aIssued also in French under title: Rétrospective et perspectives : premier rapport de la vérificatrice générale à la deuxième législature de l’Assemblée du Nunavut, 2004. |
| 520 | |a"We prepared this Report to raise issues that we feel are important and that we hope members of Nunavut's second Legislative Assembly will consider in shaping its priorities"--p. 1. |
| 692 | 07|2gccst|aAudit |
| 692 | 07|2gccst|aLegislative assemblies |
| 775 | 08|tRétrospective et perspectives |w(CaOODSP)9.842484 |
| 775 | 08|t[Looking back and moving forward |w(CaOODSP)9.842487 |
| 856 | 40|qPDF|s281 KB|uhttps://publications.gc.ca/collections/collection_2017/bvg-oag/FA3-127-2004-eng.pdf |